|
|
|
|
| LEADER |
00854cam a2200217 a 4500 |
| 008 |
830829s1983 at a 000 1 eng |
| 010 |
|
|
|a 83193673
|
| 020 |
|
|
|a 0908090544
|
| 082 |
0 |
0 |
|a 823.3 MUD/D
|2 19
|
| 100 |
0 |
|
|a Mudrooroo,
|
| 245 |
1 |
0 |
|a Doctor Wooreddy's prescription for enduring the ending of the world /
|c Colin Johnson.
|
| 260 |
|
|
|a Melbourne :
|b Hyland House,
|c 1983.
|
| 300 |
|
|
|a 207 p. :
|b ill. ;
|c 22 cm.
|
| 600 |
1 |
0 |
|a Robinson, George Augustus,
|d -1866
|v Fiction.
|
| 650 |
|
0 |
|a Aboriginal Australians
|v Fiction.
|
| 651 |
|
0 |
|a Australia
|x History
|y 1788-1900
|v Fiction.
|
| 655 |
|
7 |
|a Biographical fiction.
|2 gsafd
|
| 906 |
|
|
|a 7
|b cbc
|c orignew
|d 3
|e ncip
|f 19
|g y-gencatlg
|
| 942 |
|
|
|c BK
|
| 999 |
|
|
|c 200730
|d 200730
|
| 952 |
|
|
|0 0
|1 0
|4 0
|6 823_300000000000000_MUD_D
|7 0
|9 222179
|a ENG
|b ENG
|c ST1
|d 2017-06-01
|i 15043
|l 0
|o 823.3 MUD/D
|p ENG15043
|r 2017-06-01
|w 2017-06-01
|y BK
|